Name the Hot Sauce Brand - Statistics

General Stats
  • This quiz has been taken 37 times
  • The average score is 5 of 10
Answer Stats
Hint Answer % Correct
Originated on a Louisiana island, one of the first widely known hot sauce brands. Tabasco
90%
Was created by a Vietnamese immigrant in the late 20th century.Never patented so many versions exist. Sriracha
86%
Hot sauce brand often associated with buffalo wings. Frank's Red Hot
79%
A still family owned hot sauce brand featuring a man wearing a sombreroon the front labeling. Tapatio
72%
Made in Mexico from Piquin peppers. Known for the signature wooden caps. Cholula
69%
A North Carolina brand with a rather misleading name. Texas Pete
34%
Brand that advertises the fact that it only uses three ingredients. Crystal Hot Sauce
24%
Many believe it to be the most popular hot sauce in Mexico. Valentina Hot Sauce
24%
Created by a well known fast food brand. Taco Bell Sauce
21%
Originated in Mexico City and is used largely in the Southwestern U.S. La Costena
14%
No matching quizzes found
Score Distribution
Percent of People with Each Score
Percentile by Number Answered
Your Score History
You have not taken this quiz